Piłkarze z Afryki i ich pierwsze kluby w Europie - Statystyki

Ogólne statystyki
  • Ten quiz został rozwiązany 186 razy
  • Średni wynik to 4 z 17
Statystyki odpowiedzi
Piłkarz Klub % Poprawnych
Mohamed Salah FC Basel
82%
Kelechi Iheanacho Manchester City
68%
Wilfried Zaha Crystal Palace
58%
Idrissa Gueye Lille
58%
Thomas Partey Atletico Madryt
51%
Alex Iwobi Arsenal Londyn
27%
Sadio Mane FC Metz
26%
Wilfred Ndidi Genk
20%
Medhi Benatia Olympique Marsylia
12%
Jordan Ayew Olympique Marsylia
12%
Faouzi Ghoulam Saint-Etienne
7%
Eric Bailly Espanyol
5%
Hakim Ziyech SC Heerenveen
5%
Cedric Bakambu Sochaux
4%
Naby Keita FC Istres
1%
Nicolas Pepe Poitiers
1%
Geoffrey Kondogbia RC Lens
1%
Nie znaleziono quizów pasujących do podanych kryteriów
Rozkład punktacji
Procent ludzi z każdym wynikiem
Percentyl według liczby udzielonych odpowiedzi
Twoja historia wyników
Nie rozwiązałeś tego quizu